[Event "Wch Blitz"]
[Site "Almaty"]
[Date "2022.12.30"]
[Round "19"]
[White "Artemiev, Vladislav"]
[Black "Fedoseev, Vladimir"]
[Result "1/2-1/2"]
[WhiteElo "2803"]
[BlackElo "2733"]
[PlyCount "82"]
[EventDate "2022.12.29"]
[EventType "swiss (blitz)"]
[EventRounds "21"]
[EventCountry "KAZ"]
[SourceTitle "CBM 212"]
[Source "ChessBase"]
[SourceDate "2023.02.28"]
[SourceVersion "1"]
[SourceVersionDate "2023.02.28"]
[SourceQuality "1"]

1. d4 d5 2. c4 e6 3. Nc3 c6 4. e3 Nf6 5. Nf3 Nbd7 6. Qc2 Bd6 7. Bd3 0-0 8. 0-0 dxc4 9. Bxc4 a6 10. Rd1 c5 11. dxc5 Bxc5 12. Bd3 b5 13. a4 Bb7 14. Ng5 h6 15. Nh7 Nxh7 16. Bxh7+ Kh8 17. Be4 Rb8 18. axb5 axb5 19. Bd2 Qb6 20. Bxb7 Qxb7 21. Qe4 Nf6 22. Qxb7 Rxb7 23. Be1 g5 24. Ne2 b4 25. h3 Kg7 26. Nc1 Be7 27. Nd3 Rd8 28. Kf1 Ne4 29. f3 Nf6 30. Ke2 Rc8 31. Rdc1 Rd8 32. Rc4 Nd5 33. g3 Rbd7 34. Ne5 Rb7 35. e4 Nb6 36. Rc6 Bf6 37. Nd3 Nd7 38. Ra4 Ne5 39. Nxe5 Bxe5 40. Rxb4 Rxb4 41. Bxb4 Bxb2 1/2-1/2

[Event "Wch Blitz"]
[Site "Almaty"]
[Date "2022.12.30"]
[Round "15"]
[White "Fedoseev, Vladimir"]
[Black "Duda, Jan Krzysztof"]
[Result "1/2-1/2"]
[WhiteElo "2733"]
[BlackElo "2773"]
[PlyCount "72"]
[EventDate "2022.12.29"]
[EventType "swiss (blitz)"]
[EventRounds "21"]
[EventCountry "KAZ"]
[SourceTitle "CBM 212"]
[Source "ChessBase"]
[SourceDate "2023.02.28"]
[SourceVersion "1"]
[SourceVersionDate "2023.02.28"]
[SourceQuality "1"]

1. d4 Nf6 2. c4 e6 3. Nf3 d5 4. e3 Be7 5. Nc3 0-0 6. a3 Nbd7 7. b4 a5 8. b5 dxc4 9. Bxc4 c5 10. bxc6 bxc6 11. 0-0 c5 12. Rb1 cxd4 13. Qxd4 Ba6 14. Bxa6 Rxa6 15. Nb5 Nc5 16. Bb2 Qxd4 17. Bxd4 a4 18. Nd2 Nd5 19. Rfc1 Nd3 20. Rd1 Nc5 21. g3 Raa8 22. e4 Nf6 23. f3 Rfb8 24. Kf2 Nb3 25. Nxb3 Rxb5 26. Nd2 Rxb1 27. Nxb1 Ne8 28. Ke2 f6 29. Rc1 e5 30. Bc5 Rc8 31. Be3 Rb8 32. Nc3 Bxa3 33. Rc2 Rc8 34. Kd3 Rd8+ 35. Ke2 Rc8 36. Kd3 Rd8+ 1/2-1/2

[Event "Wch Blitz"]
[Site "Almaty"]
[Date "2022.12.30"]
[Round "20"]
[White "Fedoseev, Vladimir"]
[Black "Yu, Yangyi"]
[Result "1/2-1/2"]
[WhiteElo "2733"]
[BlackElo "2807"]
[PlyCount "24"]
[EventDate "2022.12.29"]
[EventType "swiss (blitz)"]
[EventRounds "21"]
[EventCountry "KAZ"]
[SourceTitle "CBM 212"]
[Source "ChessBase"]
[SourceDate "2023.02.28"]
[SourceVersion "1"]
[SourceVersionDate "2023.02.28"]
[SourceQuality "1"]

1. d4 Nf6 2. c4 e6 3. Nf3 d5 4. Nc3 Bb4 5. cxd5 exd5 6. Bg5 h6 7. Bh4 Bf5 8. e3 Nbd7 9. Qb3 Ba5 10. Be2 c6 11. 0-0 Qb6 12. Nd2 0-0 1/2-1/2

[Event "Wch Blitz"]
[Site "Almaty"]
[Date "2022.12.30"]
[Round "21"]
[White "Vachier Lagrave, Maxime"]
[Black "Fedoseev, Vladimir"]
[Result "0-1"]
[WhiteElo "2771"]
[BlackElo "2733"]
[PlyCount "104"]
[EventDate "2022.12.29"]
[EventType "swiss (blitz)"]
[EventRounds "21"]
[EventCountry "KAZ"]
[SourceTitle "CBM 212"]
[Source "ChessBase"]
[SourceDate "2023.02.28"]
[SourceVersion "1"]
[SourceVersionDate "2023.02.28"]
[SourceQuality "1"]

1. e4 e5 2. Nf3 Nf6 3. Nxe5 d6 4. Nd3 Nxe4 5. Nf4 d5 6. d4 Nc6 7. c3 Nf6 8. Bd3 Bd6 9. 0-0 0-0 10. Nh5 Ng4 11. g3 g6 12. Nf4 Nf6 13. Ng2 Nh5 14. Nd2 Ne7 15. Re1 f6 16. c4 c6 17. Nf3 Rf7 18. Ne3 Ng7 19. Bd2 Be6 20. Rc1 dxc4 21. Bxc4 Bxc4 22. Nxc4 Nd5 23. Qb3 Bf8 24. Nh4 a5 25. a4 Bb4 26. Rcd1 Qf8 27. Ne3 Bxd2 28. Rxd2 Qb4 29. Qd1 Rd8 30. Nxd5 Rxd5 31. Ng2 Rfd7 32. Re4 Nf5 33. Nf4 Rxd4 34. Rdxd4 Rxd4 35. Re8+ Kf7 36. Qe2 Qc4 37. Qe1 Rd1 38. Qxd1 Kxe8 39. Qe1+ Kd7 40. Qxa5 Qc1+ 41. Kg2 Qxb2 42. Qa8 Ne3+ 43. Kh3 Nd1 44. Nd3 Nxf2+ 45. Nxf2 Qxf2 46. Qxb7+ Kd6 47. Qb8+ Kd5 48. Qb3+ Kd6 49. Qd1+ Kc7 50. Qa1 h5 51. a5 g5 52. Qh1 Qf5+ 0-1

[Event "Wch Blitz"]
[Site "Almaty"]
[Date "2022.12.29"]
[Round "10"]
[White "Fedoseev, Vladimir"]
[Black "Giri, Anish"]
[Result "1/2-1/2"]
[WhiteElo "2733"]
[BlackElo "2792"]
[PlyCount "40"]
[EventDate "2022.12.29"]
[EventType "swiss (blitz)"]
[EventRounds "21"]
[EventCountry "KAZ"]
[SourceTitle "CBM 212"]
[Source "ChessBase"]
[SourceDate "2023.02.28"]
[SourceVersion "1"]
[SourceVersionDate "2023.02.28"]
[SourceQuality "1"]

1. d4 Nf6 2. c4 g6 3. Nc3 d5 4. cxd5 Nxd5 5. e4 Nxc3 6. bxc3 Bg7 7. Bb5+ c6 8. Ba4 0-0 9. Nf3 c5 10. 0-0 Bg4 11. Rb1 cxd4 12. cxd4 Nc6 13. Bxc6 bxc6 14. Be3 Bxf3 15. Qxf3 Bxd4 16. Rfd1 c5 17. Rb7 Qd6 18. h4 h5 19. g4 hxg4 20. Qxg4 Qc6 1/2-1/2

[Event "Wch Blitz"]
[Site "Almaty"]
[Date "2022.12.29"]
[Round "2"]
[White "Fedoseev, Vladimir"]
[Black "Makarian, Rudik"]
[Result "1-0"]
[WhiteElo "2733"]
[BlackElo "2440"]
[PlyCount "95"]
[EventDate "2022.12.29"]
[EventType "swiss (blitz)"]
[EventRounds "21"]
[EventCountry "KAZ"]
[SourceTitle "CBM 212"]
[Source "ChessBase"]
[SourceDate "2023.02.28"]
[SourceVersion "1"]
[SourceVersionDate "2023.02.28"]
[SourceQuality "1"]

1. e4 d6 2. d4 Nf6 3. f3 Nbd7 4. Be3 e5 5. d5 Be7 6. Nc3 0-0 7. Bc4 c6 8. Nge2 cxd5 9. Nxd5 Nxd5 10. Bxd5 Bh4+ 11. g3 Bg5 12. Qd2 Bxe3 13. Qxe3 Nf6 14. Nc3 Nxd5 15. Nxd5 Be6 16. 0-0-0 Qa5 17. a3 Kh8 18. Qc3 Qc5 19. Qxc5 dxc5 20. Rd2 Rac8 21. Rhd1 g6 22. g4 h6 23. h4 Kg7 24. g5 hxg5 25. hxg5 Rh8 26. Nf6 Kf8 27. Nd7+ Ke7 28. Nxe5 Rh5 29. f4 Rch8 30. Rd7+ Bxd7 31. Rxd7+ Ke6 32. Rxb7 Rh1+ 33. Kd2 R8h2+ 34. Kc3 Rc1 35. b4 Rcxc2+ 36. Kb3 Rb2+ 37. Ka4 cxb4 38. axb4 Ra2+ 39. Kb5 a5 40. Rxf7 axb4 41. Rf6+ Ke7 42. Nxg6+ Ke8 43. Kxb4 Rhb2+ 44. Kc5 Rc2+ 45. Kd5 Rd2+ 46. Ke6 Ra6+ 47. Kf5 Ra5+ 48. e5 1-0

[Event "Izhevsk op-A"]
[Site "Izhevsk"]
[Date "2010.07.16"]
[Round "2"]
[White "Fedoseev, Vladimir"]
[Black "Khazieva, Elza"]
[Result "1-0"]
[WhiteElo "2155"]
[BlackElo "1895"]
[PlyCount "75"]
[EventDate "2010.07.15"]
[EventType "swiss"]
[EventRounds "9"]
[EventCountry "RUS"]
[SourceTitle "CBM 137 Extra"]
[Source "ChessBase"]
[SourceDate "2010.09.01"]
[SourceVersion "1"]
[SourceVersionDate "2010.09.01"]
[SourceQuality "1"]

1. d4 Nf6 2. Nf3 e6 3. Bg5 Be7 4. Nbd2 d5 5. e3 h6 6. Bh4 Nbd7 7. Bd3 c5 8. c3 b6 9. Qe2 Bb7 10. Ne5 Nxe5 11. dxe5 Nd7 12. Bxe7 Qxe7 13. f4 0-0-0 14. Ba6 f6 15. Bxb7+ Kxb7 16. exf6 Qxf6 17. 0-0 Rhf8 18. a4 e5 19. a5 Nb8 20. axb6 axb6 21. Ra4 exf4 22. Rfa1 Qe6 23. e4 d4 24. cxd4 Rxd4 25. Ra7+ Kc8 26. Rxg7 Rfd8 27. Ra8 c4 28. Raa7 R8d7 29. Raxd7 Nxd7 30. h3 Nc5 31. Qf2 Qd6 32. Rg8+ Kc7 33. e5 Qxe5 34. Nf3 Rd1+ 35. Kh2 Qe3 36. Qh4 Rd7 37. Qxh6 Nd3 38. Qf8 1-0

[Event "Izhevsk-ch"]
[Site "Izhevsk"]
[Date "2010.02.17"]
[Round "4"]
[White "Ivanov, Nikolay A"]
[Black "Fedoseev, Vladimir"]
[Result "0-1"]
[WhiteElo "1978"]
[BlackElo "2186"]
[PlyCount "106"]
[EventDate "2010.02.12"]
[EventType "swiss"]
[EventRounds "9"]
[EventCountry "RUS"]
[SourceTitle "EXT 2012"]
[Source "ChessBase"]
[SourceDate "2011.11.24"]
[SourceVersion "1"]
[SourceVersionDate "2011.11.24"]
[SourceQuality "1"]

1. Nf3 Nf6 2. c4 e6 3. Nc3 d5 4. e3 c5 5. d4 Nc6 6. a3 cxd4 7. exd4 Be7 8. Bd3 dxc4 9. Bxc4 0-0 10. 0-0 b6 11. d5 exd5 12. Nxd5 Nxd5 13. Bxd5 Bb7 14. Bf4 Bf6 15. Rc1 Rc8 16. Ne5 Nxe5 17. Bxb7 Rxc1 18. Bxc1 Nd3 19. b4 Qc7 20. Qxd3 Qxb7 21. b5 Rd8 22. Qe2 Qd5 23. Bf4 h6 24. g3 Qd3 25. Qxd3 Rxd3 26. a4 Ra3 27. Rc1 Rxa4 28. Rc8+ Kh7 29. Ra8 Bd4 30. Rd8 Bc5 31. Bd6 Bxd6 32. Rxd6 Ra5 33. Rd7 f6 34. h4 h5 35. Kg2 Kg6 36. Kf3 Rxb5 37. Rxa7 Rb3+ 38. Kf4 f5 39. Rc7 Rb4+ 40. Ke5 Re4+ 41. Kd5 b5 42. Rc6+ Kh7 43. Rb6 b4 44. f3 Re3 45. Rxb4 Rxf3 46. Ke5 Rxg3 47. Kxf5 g6+ 48. Kf6 Rg4 49. Rb7+ Kh6 50. Rb8 Rf4+ 51. Ke5 Rxh4 52. Kf6 Rf4+ 53. Ke5 Kg5 0-1

[Event "Udmurtia-ch"]
[Site "Izhevsk"]
[Date "2009.12.15"]
[Round "6"]
[White "Fedoseev, Vladimir"]
[Black "Ozolin, Maxim"]
[Result "0-1"]
[WhiteElo "2179"]
[BlackElo "2370"]
[PlyCount "98"]
[EventDate "2009.11.12"]
[EventType "tourn"]
[EventRounds "11"]
[EventCountry "RUS"]
[SourceTitle "EXT 2011"]
[Source "ChessBase"]
[SourceDate "2010.11.26"]
[SourceVersion "1"]
[SourceVersionDate "2010.11.26"]
[SourceQuality "1"]

1. e4 c5 2. Nf3 d6 3. Bb5+ Nc6 4. 0-0 Bd7 5. c3 Nf6 6. Qe2 a6 7. Ba4 b5 8. Bc2 e5 9. d4 cxd4 10. cxd4 Bg4 11. dxe5 dxe5 12. Be3 Be7 13. Rd1 Qc7 14. Nc3 0-0 15. Rac1 Qb7 16. h3 Bxf3 17. Qxf3 Na5 18. Nd5 Nc4 19. Nxe7+ Qxe7 20. Bg5 Nxb2 21. Re1 Rac8 22. Bb3 Nc4 23. Rc3 Rc6 24. Qe2 Rfc8 25. Rec1 Na5 26. Rxc6 Rxc6 27. Rxc6 Nxc6 28. Qc2 Qd6 29. Bxf6 Qxf6 30. Bd5 Nd8 31. Qc8 g6 32. Bb7 a5 33. Bd5 Qd6 34. Qc3 b4 35. Qb3 Qd7 36. Qc4 Qa7 37. g3 Kf8 38. Kg2 Ke7 39. h4 Qb6 40. f4 exf4 41. gxf4 Ne6 42. Kf3 a4 43. f5 Nd4+ 44. Kf4 b3 45. Qxa4 b2 46. Bxf7 Kxf7 47. Qd7+ Kf8 48. Qc8+ Ke7 49. e5 gxf5 0-1

[Event "Nezhmetdinov Memorial 31st"]
[Site "Kazan"]
[Date "2009.06.04"]
[Round "5"]
[White "Rodchenkov, Sergey D"]
[Black "Fedoseev, Vladimir"]
[Result "1-0"]
[WhiteElo "2306"]
[BlackElo "2203"]
[PlyCount "43"]
[EventDate "2009.05.31"]
[EventType "swiss"]
[EventRounds "9"]
[EventCountry "RUS"]
[SourceTitle "CBM 130 Extra"]
[Source "ChessBase"]
[SourceDate "2009.07.02"]
[SourceVersion "2"]
[SourceVersionDate "2009.07.15"]
[SourceQuality "1"]

1. Nf3 c5 2. e4 Nc6 3. c3 d6 4. d4 Nf6 5. d5 Nb8 6. Be2 e5 7. dxe6 Bxe6 8. Ng5 Be7 9. Nxe6 fxe6 10. f4 Nc6 11. Nd2 Qd7 12. 0-0 0-0-0 13. Bf3 e5 14. Nc4 Kb8 15. Qb3 h6 16. Rd1 Qc7 17. f5 Na5 18. Nxa5 Qxa5 19. Qf7 Rde8 20. Qxg7 Rh7 21. Qg3 h5 22. Qe1 1-0

[Event "Nezhmetdinov Memorial 31st"]
[Site "Kazan"]
[Date "2009.06.03"]
[Round "4"]
[White "Fedoseev, Vladimir"]
[Black "Frolov, Artiom"]
[Result "1/2-1/2"]
[WhiteElo "2203"]
[BlackElo "2435"]
[PlyCount "136"]
[EventDate "2009.05.31"]
[EventType "swiss"]
[EventRounds "9"]
[EventCountry "RUS"]
[SourceTitle "CBM 130 Extra"]
[Source "ChessBase"]
[SourceDate "2009.07.02"]
[SourceVersion "2"]
[SourceVersionDate "2009.07.15"]
[SourceQuality "1"]

1. e4 c5 2. Nf3 Nf6 3. e5 Nd5 4. c3 e6 5. d4 cxd4 6. cxd4 b6 7. Bd3 Bb7 8. Nc3 Nxc3 9. bxc3 Qc7 10. Bd2 d6 11. 0-0 Nd7 12. Qe2 Be7 13. exd6 Bxd6 14. Rfe1 0-0 15. h3 Bf4 16. Rad1 Bxd2 17. Qxd2 Rac8 18. Re3 Qf4 19. Qe1 Rc7 20. c4 g6 21. Bf1 Rd8 22. d5 exd5 23. Re8+ Rxe8 24. Qxe8+ Kg7 25. cxd5 Qd6 26. Qd8 Rc8 27. Qh4 Nf6 28. Bc4 Qc5 29. Ne5 Rd8 30. Ng4 Nxg4 31. hxg4 Rd7 32. g5 b5 33. Bb3 a5 34. Qe4 Qd6 35. a4 b4 36. Re1 Rd8 37. Re3 Rc8 38. g3 Rd8 39. Rd3 Kg8 40. Qd4 Re8 41. Re3 Rd8 42. Kh2 Qf8 43. Re5 h5 44. Qb6 Bc8 45. Qxa5 Qd6 46. Re4 Bf5 47. Rxb4 Rc8 48. Qb6 Qe7 49. Rf4 Qe1 50. Qe3 Qf1 51. Rxf5 gxf5 52. d6 Rb8 53. g6 Kg7 54. Bxf7 Qa1 55. Kg2 h4 56. gxh4 Qxa4 57. Qe5+ Kh6 58. Qxf5 Qxh4 59. d7 Qd4 60. Kg3 Kg7 61. Qg4 Qd6+ 62. Qf4 Qa3+ 63. f3 Qc3 64. Qd6 Rh8 65. Qe7 Rh3+ 66. Kxh3 Qxf3+ 67. Kh4 Qf4+ 68. Kh5 Qf5+ 1/2-1/2

[Event "Izhevsk Krasnoperov Memorial"]
[Site "Izhevsk"]
[Date "2008.09.??"]
[Round "1"]
[White "Fedoseev, Vladimir"]
[Black "Kochurov, Dmitry"]
[Result "0-1"]
[WhiteElo "2216"]
[BlackElo "2313"]
[PlyCount "200"]
[EventDate "2008.09.??"]
[EventType "tourn"]
[EventRounds "9"]
[EventCountry "RUS"]
[SourceTitle "EXT 2010"]
[Source "ChessBase"]
[SourceDate "2010.11.25"]
[SourceVersion "1"]
[SourceVersionDate "2010.11.25"]
[SourceQuality "1"]

1. e4 c5 2. Nf3 d6 3. Bb5+ Nd7 4. 0-0 Ngf6 5. Qe2 e5 6. c3 Be7 7. d4 Qc7 8. Bg5 0-0 9. Nbd2 a6 10. Bxd7 Bxd7 11. Rfd1 cxd4 12. cxd4 Bb5 13. Qe1 Ng4 14. Bxe7 Qxe7 15. h3 Nf6 16. a4 Bc6 17. dxe5 dxe5 18. Nc4 Bxe4 19. Ncxe5 Rfe8 20. Rd4 Bf5 21. Qd2 h6 22. Rd1 Be6 23. Nc4 Bxc4 24. Rxc4 Rac8 25. Rxc8 Rxc8 26. a5 Rc5 27. Re1 Qc7 28. b4 Rd5 29. Qb2 Qf4 30. Qc3 Rb5 31. Nd4 Rg5 32. Nf3 Rb5 33. Nd4 Rg5 34. Re3 Rd5 35. Nf3 Rd1+ 36. Ne1 Rd4 37. g3 Qd6 38. Qc8+ Kh7 39. Qxb7 Nd5 40. Re8 Nf6 41. Re2 Qxb4 42. Qxf7 Rd1 43. Qe6 Qxa5 44. Re5 Qd8 45. Qxa6 Qd4 46. Qe2 Qd7 47. Kg2 Rd2 48. Qe3 Qc6+ 49. Nf3 Rd1 50. g4 Qa6 51. Qe2 Qxe2 52. Rxe2 Ra1 53. Kg3 Ra4 54. Re7 Ne4+ 55. Kg2 Nd6 56. Re6 Nf7 57. Rb6 Ra7 58. h4 g5 59. h5 Rd7 60. Rb4 Rc7 61. Nd4 Nd6 62. Rb6 Rd7 63. Ne6 Kg8 64. Rb8+ Kf7 65. Nd4 Kg7 66. Ra8 Kh7 67. Ne6 Rb7 68. Ra6 Nf7 69. Nd4 Rb4 70. Nf5 Rxg4+ 71. Kh3 Rg1 72. Ra7 Kg8 73. Ra8+ Kh7 74. Rf8 Ne5 75. Nd6 Rh1+ 76. Kg3 Rxh5 77. Re8 g4 78. Ne4 Rf5 79. Re7+ Kg8 80. Nd6 Rf3+ 81. Kg2 Nd3 82. Re8+ Kh7 83. Re7+ Kg6 84. Re6+ Kh5 85. Kg1 Nxf2 86. Re5+ Kg6 87. Re6+ Kg5 88. Re5+ Kf4 89. Rf5+ Kg3 90. Rxf3+ Kxf3 91. Nf5 Nh3+ 92. Kh2 h5 93. Nd4+ Ke4 94. Ne6 h4 95. Nc5+ Kf3 96. Nd3 Ke4 97. Nc5+ Ke3 98. Nd7 Nf2 99. Kg1 h3 100. Kh2 Kf4 0-1

[Event "Nezhmetdinov Memorial 30th"]
[Site "Kazan"]
[Date "2008.06.02"]
[Round "2"]
[White "Sakharov, Lev"]
[Black "Fedoseev, Vladimir"]
[Result "0-1"]
[WhiteElo "2094"]
[BlackElo "2222"]
[PlyCount "110"]
[EventDate "2008.06.01"]
[EventType "swiss"]
[EventRounds "9"]
[EventCountry "RUS"]
[SourceTitle "EXT 2009"]
[Source "ChessBase"]
[SourceDate "2008.11.26"]
[SourceVersion "1"]
[SourceVersionDate "2008.11.26"]
[SourceQuality "1"]

1. d4 d5 2. c4 e6 3. Nc3 c6 4. Nf3 Nf6 5. Bg5 Nbd7 6. e3 Bb4 7. cxd5 exd5 8. Bd3 Qa5 9. Qc2 0-0 10. 0-0 Re8 11. a3 Bxc3 12. bxc3 Ne4 13. Bf4 Ndf6 14. c4 dxc4 15. Bxc4 Be6 16. Bd3 Bd5 17. Ne5 Rad8 18. f3 Nd6 19. Bg5 h6 20. Bxf6 gxf6 21. Ng4 Kg7 22. e4 Be6 23. Ne3 Qb6 24. Qc3 Nc8 25. Nc2 Qc7 26. Rab1 Nb6 27. d5 Bc8 28. Nb4 Qe5 29. Rfc1 Qxc3 30. Rxc3 cxd5 31. Nxd5 Nxd5 32. exd5 Rxd5 33. Be4 Rd2 34. Rbc1 Be6 35. Bxb7 Rb8 36. Rc7 Ra2 37. Re1 Rd8 38. h3 Kf8 39. Re3 Bxh3 40. f4 Be6 41. Bf3 Rd4 42. Rxa7 Rxf4 43. Ra8+ Kg7 44. Rd3 f5 45. Ra7 Kf6 46. Rd6 Rc4 47. Raa6 Rc1+ 48. Kh2 Rc3 49. Bd5 Raxa3 50. Rab6 Re3 51. Rd8 Rad3 52. Rbd6 Ke7 53. Bxe6 Rxd6 54. Rxd6 Kxd6 55. Bxf7 Ke5 0-1

[Event "PriFR-ch Seniors 6th"]
[Site "Samara"]
[Date "2008.03.19"]
[Round "9"]
[White "Kutlyarov, Aleksandr"]
[Black "Fedoseev, Vladimir"]
[Result "1/2-1/2"]
[WhiteElo "2097"]
[BlackElo "2222"]
[PlyCount "31"]
[EventDate "2008.03.11"]
[EventType "swiss"]
[EventRounds "9"]
[EventCountry "RUS"]
[SourceTitle "EXT 2022"]
[Source "ChessBase"]
[SourceDate "2021.10.06"]
[SourceVersion "1"]
[SourceVersionDate "2021.10.06"]
[SourceQuality "1"]

1. d4 Nf6 2. Nf3 c5 3. c4 e6 4. Nc3 cxd4 5. Nxd4 Nc6 6. g3 Bb4 7. Nxc6 bxc6 8. Qb3 Qe7 9. Bg2 0-0 10. 0-0 d5 11. a3 Bd6 12. Qc2 Ba6 13. Qa4 Qb7 14. Re1 Rac8 15. e4 Bxc4 16. exd5 1/2-1/2

[Event "PriFR-ch Seniors 6th"]
[Site "Samara"]
[Date "2008.03.18"]
[Round "8"]
[White "Fedoseev, Vladimir"]
[Black "Ilkin, Albert"]
[Result "1-0"]
[WhiteElo "2222"]
[BlackElo "2289"]
[PlyCount "37"]
[EventDate "2008.03.11"]
[EventType "swiss"]
[EventRounds "9"]
[EventCountry "RUS"]
[SourceTitle "EXT 2022"]
[Source "ChessBase"]
[SourceDate "2021.10.06"]
[SourceVersion "1"]
[SourceVersionDate "2021.10.06"]
[SourceQuality "1"]

1. e4 e5 2. Nf3 Nc6 3. Bc4 Nf6 4. Ng5 d5 5. exd5 Na5 6. Bb5+ c6 7. dxc6 bxc6 8. Be2 h6 9. Nh3 Bc5 10. 0-0 g5 11. Kh1 g4 12. Ng1 Ne4 13. b4 Nxf2+ 14. Rxf2 Bxf2 15. bxa5 Qh4 16. Qf1 Be6 17. Nc3 f5 18. Ba3 Kf7 19. Bc4 1-0